|
|
|
|
| LEADER |
00000nam0a2200000 4500 |
| 001 |
189760 |
| 005 |
20240130114000.0 |
| 035 |
|
|
|a (RuTPU)RU\TPU\book\206488
|
| 090 |
|
|
|a 189760
|
| 100 |
|
|
|a 20110111d2010 k y0rusy50 ca
|
| 101 |
0 |
|
|a rus
|
| 102 |
|
|
|a RU
|
| 105 |
|
|
|a a dm 001zy
|
| 200 |
1 |
|
|a Технологический контроль диаметра и эксцентричности электрического кабеля в процессе производства
|e автореферат диссертации на соискание ученой степени кандидата технических наук
|e спец. 05.11.13
|f Е. М. Фёдоров
|g Национальный исследовательский Томский политехнический университет (ТПУ) ; науч. рук. А. Е. Гольдштейн
|
| 210 |
|
|
|a Томск
|d 2010
|
| 215 |
|
|
|a 19 с.
|c ил.
|
| 300 |
|
|
|a Защита сост. 21.12.2010 г.
|
| 320 |
|
|
|a Библиогр.: с. 19 (10 назв.).
|
| 452 |
|
1 |
|0 (RuTPU)RU\TPU\book\203705
|t Технологический контроль диаметра и эксцентричности электрического кабеля в процессе производства
|o автореферат диссертации на соискание ученой степени кандидата технических наук
|o спец. 05.11.13
|f Е. М. Фёдоров
|g Национальный исследовательский Томский политехнический университет (ТПУ) ; науч. рук. А. Е. Гольдштейн
|c Томск
|d 2010
|a Фёдоров, Евгений Михайлович
|
| 606 |
1 |
|
|a Кабели
|x Производство
|2 stltpush
|3 (RuTPU)RU\TPU\subj\13337
|9 39956
|
| 610 |
1 |
|
|a кабельные изделия
|
| 610 |
1 |
|
|a электрические кабели
|
| 610 |
1 |
|
|a эксцентричность
|
| 610 |
1 |
|
|a диаметры
|
| 610 |
1 |
|
|a измерение
|
| 610 |
1 |
|
|a проекционные методы
|
| 610 |
1 |
|
|a теневые методы
|
| 610 |
1 |
|
|a метрологическое обеспечение
|
| 610 |
1 |
|
|a средства измерения
|
| 610 |
1 |
|
|a измерители
|
| 610 |
1 |
|
|a авторефераты диссертаций
|
| 610 |
1 |
|
|a труды учёных ТПУ
|
| 675 |
|
|
|a 621.315.2.002(04)
|v 3
|
| 686 |
|
|
|a 05.11.13
|2 oksvnk
|
| 700 |
|
1 |
|a Фёдоров
|b Е. М.
|c специалист в области электрофизики
|c доцент Томского политехнического университета, кандидат наук
|f 1980-
|g Евгений Михайлович
|3 (RuTPU)RU\TPU\pers\25477
|9 11416
|
| 702 |
|
1 |
|a Гольдштейн
|b А. Е.
|c специалист в области неразрушающего контроля
|c профессор Томского политехнического университета, доктор технических наук
|f 1954-
|g Александр Ефремович
|3 (RuTPU)RU\TPU\pers\26406
|4 727
|9 12110
|
| 712 |
0 |
2 |
|a Национальный исследовательский Томский политехнический университет (ТПУ)
|c (2009- )
|3 (RuTPU)RU\TPU\col\15902
|
| 801 |
|
1 |
|a RU
|b 63413507
|c 20110111
|
| 801 |
|
2 |
|a RU
|b 63413507
|c 20140221
|g RCR
|
| 942 |
|
|
|c BK
|